01451nam a2200277 a 450000100060000000300090000600800410001502000150005604000280007108200170009910000310011624500520014725000060019926000300020530000090023550504980024459001260074265000160086865000320088465000350091665000220095165000190097394200120099299900170100495201520102122197CO-ViMGA141112s2004 ck r 000 u spa d a842771503X aCO-ViMGAbspacCO-ViMGA04a371.13 U714r1 aUrbieta, Jose Ramon93162210aEl regalo de si mismo : bEducarnos para educar a2 aMadrid : bNarcea, c2006 a166p aLas ventanas por donde miramos la educación 33 - - Los adultos tambien crecemos 49 - - Etapas en el crecimiento de los adultos 65 - - Cuidar el interior para volar con los pies en la tierra 79 - - El tutor que armoniza nuestra vida interior 101 - - El miedo a la interioridad nos impide ir por delante de la vida 117 - - El educador está llamado a volar y a coger altura como un águila 137 - - El educador está llamado a trabajar su tierra con el afán de la gallina en libertad 149  aForma de adquisición : Compra - - Precio : 86.000 - - Proveedor : Bernalibros - - Fecha de adquisición : Octubre 200714aEDUCACIÓN14aEDUCACIÓN FAMILIAR93162314aFORMACIÓN PROFESIONAL93162414aPROFESORES93162514aTRABAJO SOCIAL 2ddccBK c30623d30623 00102ddc40708003aMEVIECARbMEVIECARd2015-12-04hVolumen. 1 | 11/jun/2009l0o371.13 U714r p22197r2015-12-04 00:00:00tEj. 1w2015-12-04yBK